000
002510000a22000970004500
100
1
_a
Caballero, Antonio (1945- )
245
1
0
_a
Samper : Virgen, héroe o mártir
300
_a
Vol. 17, Núm 17 (1993), Páginas 14-20
773
0
_t
Cambio 16
942
_c
ANA
999
_c
58366
_d
58366